000 nam a22 a 4500
999 _c1165
_d1165
003 AKMAL
005 20170508145031.0
008 170508s1991 00 eng d
020 _a9839962833 (pbk.)
039 9 _a201103181133
_bhidayah
040 _aAKMAL
_cAKMAL
049 0 0 _apma
082 0 4 _a297.07 ATT
090 _a297.07
100 1 _aal-Attas, Syed Muhammad Naquib,
_d1931-
_9847
245 1 4 _aThe concept of education in Islam :
_ba framework for an Islamic philosophy of education /
_cby Syed Muhammad Naquib al-Attas
260 _aKuala Lumpur :
_bInternational Institute of Islamic Thought and Cilization,
_c1991
300 _aviii, 46p. ;
_c22cm.
650 _aIslam
_9922
650 _aPhilosophy of education
_92365
942 _2ddc
_cBOOK